A trajetória dos tribunais de contas : (Record no. 1168)

MARC details
000 -LÍDER
Campo Fixo de Controle 00898nam a2200253 a 4500
001 - NÚMERO DE CONTROLE
Campo de Controle 1168
003 - IDENTIFICAÇÃO DO NÚMERO DE CONTROLE
Campo de Controle BR-CuiBMT
005 - DATA E HORA DA ÚLTIMA ATUALIZAÇÃO
Campo de Controle 20231130220724.0
008 - DADOS FIXOS
Dados Fixos 231130b2002 bab 000 0 por d
020 ## - INTERNATIONAL STANDARD BOOK NUMBER
Nº do ISBN 8585524170
040 ## - AGÊNCIA CATALOGADORA
Código da Agência Catalogadora BR-CuiBMT
Agência que transcreveu o registro BR-CuiBMT
080 ## - Nº DA CLASSIFICAÇÃO DECIMAL UNIVERSAL
Nº edição CDU 2007
Nº Class. CDU 351.94:336.148
090 ## - NÚMERO DE CHAMADA
Nº classificação 351.94:336.148
Cutter G633t
100 1# - ENTRADA PRINCIPAL -- AUTOR PESSOAL
Nome pessoal Gomes, Adhemar Martins Bento,
Datas associadas ao nome 1933-
245 12 - TÍTULO PRINCIPAL
Título principal A trajetória dos tribunais de contas :
Subtítulo estudos sobre a evolução do controle externo da administração pública /
Indicação de responsabilidade Adhemar Martins Bento Gomes.
260 ## - PUBLICAÇÃO, DISTRIBUIÇÃO, ETC.
Local de publicação Salvador :
Editora Tribunal de Contas do Estado da Bahia,
Data 2002.
300 ## - DESCRIÇÃO FÍSICA
N. páginas ou volumes 212 p. ;
Dimensões 22 cm
504 ## - NOTA DE BIBLIOGRAFIA, ETC.
Nota de bibliografia Inclui bibliografia.
650 ## - ASSUNTO TÓPICO
Cabeçalho tópico ou nome geográfico Tribunais de contas
Subdivisão geográfica Brasil
650 ## - ASSUNTO TÓPICO
Cabeçalho tópico ou nome geográfico Administração pública
Subdivisão geográfica Brasil
650 ## - ASSUNTO TÓPICO
Cabeçalho tópico ou nome geográfico Tribunais de contas
Subdivisão geral Poderes e atribuições
710 1# - ENTRADA SECUNDÁRIA -- ENTIDADE
Nome da entidade ou lugar Bahia.
Unidade subordinada Tribunal de Contas.
942 ## - ELEMENTOS DE ENTRADA ADICIONAIS (KOHA)
Fonte de classificação ou esquema de arquivamento Classificação Decimal Universal
Tipo de item do Koha Livros
Holdings
Estado: removido Estado: perdido Fonte de classificação ou esquema de arquivamento Estado: danificado Indisponível para empréstimo Localização permanente Localização atual Data de aquisição Total Checkouts Número de Chamada completo Código de barras Date last seen Número do exemplar Preço efetivo a partir de Tipo de item (Koha)
    Classificação Decimal Universal     Biblioteca da Escola Superior de Contas do TCE/MT Biblioteca da Escola Superior de Contas do TCE/MT 23/09/2008   351.94:336.148 G633a BIBTCEMT23111376 30/11/2023 Ex. 1 30/11/2023 Livros

Powered by Koha